|
|
|
|
| LEADER |
01393nam a2200313 a 4500 |
| 001 |
19424 |
| 003 |
BD-DhAAL |
| 005 |
20140630103553.0 |
| 008 |
091018s2001 nyuab b 001 0 eng d |
| 010 |
|
|
|a 00033318
|
| 020 |
|
|
|a 8125024824
|
| 020 |
|
|
|a 031223595X
|
| 040 |
|
|
|a DLC
|c DLC
|d C#P
|
| 082 |
0 |
0 |
|a 305.8914
|2 21
|
| 999 |
|
|
|c 6197
|d 6197
|
| 999 |
|
|
|c 6197
|
| 245 |
0 |
0 |
|a Community, empire and migration :
|b South Asians in diaspora /
|c edited by Crispin Bates.
|
| 260 |
|
|
|a New York :
|a New Delhi :
|b Orient Longman,
|c 2003.
|
| 300 |
|
|
|a xiv, 319 p. :
|b ill., map ;
|c 23 cm.
|
| 504 |
|
|
|a Includes bibliographical references and index.
|
| 541 |
1 |
|
|e 00019424
|
| 650 |
|
0 |
|a South Asians
|z Foreign countries.
|9 5205
|
| 650 |
|
0 |
|a South Asians
|x Ethnic identity.
|9 5206
|
| 651 |
|
0 |
|a South Asia
|x Emigration and immigration.
|9 5207
|
| 700 |
1 |
|
|a Bates, Crispin,
|d 1958-
|9 5208
|
| 852 |
4 |
|
|a Ayesha Abed Library
|j General Shelf.
|
| 942 |
|
|
|2 ddc
|c BK
|
| 952 |
|
|
|0 0
|1 0
|2 ddc
|4 1
|6 305_891400000000000_COM_2003
|7 0
|9 6218
|a ENH
|b ENH
|d 2009-12-19
|l 2
|o 305.8914 COM
|p 3010019424
|r 2014-06-30
|s 2014-06-30
|t 1
|w 2009-12-19
|y BK
|x Departmental-issued damaged books were found in the ENH department for the reason of termites eaten in 2016
|
| 952 |
|
|
|0 0
|1 0
|2 ddc
|4 0
|6 305_891400000000000_COM_2003
|7 0
|9 6219
|a BRACUL
|b BRACUL
|c GEN
|d 2009-12-19
|g 1050.00
|l 2
|m 16
|o 305.8914 COM
|p 3010016552
|r 2024-10-06
|s 2024-04-29
|t 2
|w 2009-12-19
|y BK
|